000
00228nam a22000857a 4500
008
160824b xxu||||| |||| 00| 0 eng d
100
_9
236
_a
Kishore N
245
_a
How to play Gymnastics
260
_a
New Delhi
_b
Sports publication
_c
2012
999
_c
2890
_d
2890